LEADER 03330nam 2200661Ia 450 001 9910452233703321 005 20210901180008.0 010 $a0-8166-5384-4 035 $a(CKB)1000000000485008 035 $a(EBL)334227 035 $a(OCoLC)476140775 035 $a(SSID)ssj0000216309 035 $a(PQKBManifestationID)11197492 035 $a(PQKBTitleCode)TC0000216309 035 $a(PQKBWorkID)10198709 035 $a(PQKB)10385225 035 $a(MiAaPQ)EBC334227 035 $a(OCoLC)216934019 035 $a(MdBmJHUP)muse39601 035 $a(Au-PeEL)EBL334227 035 $a(CaPaEBR)ebr10215807 035 $a(CaONFJC)MIL522978 035 $a(EXLCZ)991000000000485008 100 $a20071107d2008 uy 0 101 0 $aeng 135 $aur|n|---||||| 181 $ctxt 182 $cc 183 $acr 200 10$aOrganizing urban America$b[electronic resource] $esecular and faith-based progressive movements /$fHeidi J. Swarts 210 $aMinneapolis $cUniversity of Minnesota Press$d2008 215 $a1 online resource (333 p.) 225 1 $aSocial movements, protest, and contention ;$vv. 28 300 $aDescription based upon print version of record. 311 $a0-8166-4839-5 311 $a0-8166-4838-7 320 $aIncludes bibliographical references and index. 327 $aIntroduction. Invisible actors : community organizing, agenda setting, and American social movements -- Different mobilizing cultures : congregation-based organizing and ACORN -- Religion and progressive politics : congregation-based Community Organizing's innovative cultural strategy -- Experimenting with national organizing campaigns : ACORN's innovative political strategy -- Organizing is a numbers game : St. Louis ACORN -- A seat at the regional table : Metropolitan Congregations United for St. Louis -- La puebla unida : ACORN in the Sunbelt -- The power is in the relationship : San Jose PACT -- The results of organizing -- American inequality and the potential of community organizing. 330 $aHeidi J. Swarts explores activist groupsO? cultural, organizational, and political strategies. Focusing on ACORN chapters and church federations, Swarts demonstrates how congregation-based organizing has developed an innovative cultural strategy, and how ACORNO?s national structure allows it to coordinate campaigns quickly. By making these often-invisible grassroots organizers evident, Swarts sheds light on factors that constrain or enable other social movements in the United States. 410 0$aSocial movements, protest, and contention ;$vv. 28. 606 $aCommunity organization$zUnited States$vCase studies 606 $aCommunity development, Urban$zUnited States 606 $aUrban renewal$zUnited States$xCitizen participation 606 $aReligion and politics$zUnited States 608 $aElectronic books. 615 0$aCommunity organization 615 0$aCommunity development, Urban 615 0$aUrban renewal$xCitizen participation. 615 0$aReligion and politics 676 $a307.3/4160973 700 $aSwarts$b Heidi J$01055880 801 0$bMiAaPQ 801 1$bMiAaPQ 801 2$bMiAaPQ 906 $aBOOK 912 $a9910452233703321 996 $aOrganizing urban America$92489665 997 $aUNINA LEADER 01039nam a2200277 i 4500 001 991001921229707536 005 20020508183737.0 008 981221s1980 it ||| | ita 035 $ab10932768-39ule_inst 035 $aPARLA151221$9ExL 040 $aDip.to Filosofia$bita 082 0 $a331 100 1 $aBattaglia, Filippo$0444599 245 12$aL'allergia al lavoro /$cFilippo Battaglia ; prefazione di Aris Accornero 260 $aRoma :$bEditori riuniti,$c1980 300 $aXII, 182 p. ;$c19 cm. 490 0 $aTendenze ;$v2 650 4$aLavoro 650 4$aOrganizzazione del lavoro 907 $a.b10932768$b23-02-17$c28-06-02 912 $a991001921229707536 945 $aLE005 330 BAT01. 01. c. 1$g1$i2005000031281$lle005$o-$pE0.00$q-$rl$s- $t0$u0$v0$w0$x0$y.i11038226$z28-06-02 945 $aLE005 330 BAT01. 01. c. 2$g2$i2005000031298$lle005$o-$pE0.00$q-$rl$s- $t0$u0$v0$w0$x0$y.i11038238$z28-06-02 996 $aAllergia al lavoro$989904 997 $aUNISALENTO 998 $ale005$b01-01-98$cm$da $e-$fita$git $h2$i2